| 000 | 01196cam a2200349 a 4500 | ||
|---|---|---|---|
| 001 | 16813428 | ||
| 003 | OSt | ||
| 005 | 20260310115928.0 | ||
| 008 | 110607s2011 ilua b 000 0 eng | ||
| 010 | _a 2011023114 | ||
| 020 | _a9780830810888 | ||
| 035 | _a16813428 | ||
| 040 |
_aDLC _cDLC _dDLC |
||
| 042 | _apcc | ||
| 050 | 0 | 0 |
_aBS680.L64 _bO33 2011 |
| 082 | 0 | 0 |
_a241/.677 _223 |
| 100 | 1 | _aOgden, Greg. | |
| 245 | 1 | 4 |
_aThe essential commandment : _ba disciple's guide to loving God and others / _cGreg Ogden. |
| 260 |
_aDowners Grove, Ill. : _bIVP Connect, _cc2011. |
||
| 300 |
_a202 p. : _bill. ; _c26 cm. |
||
| 336 |
_atext _btxt _2rdacontent |
||
| 337 |
_aunmediated _bn _2rdamedia |
||
| 338 |
_avolume _bnc _2rdacarrier |
||
| 504 | _aIncludes bibliographical references. | ||
| 650 | 0 |
_aLove _xBiblical teaching _vTextbooks. |
|
| 650 | 0 |
_aGod _xWorship and love _xBiblical teaching _vTextbooks. |
|
| 650 | 0 |
_aChristian life _xBiblical teaching _vTextbooks. |
|
| 906 |
_a7 _bcbc _corignew _d1 _eecip _f20 _gy-gencatlg |
||
| 942 |
_2lcc _cBK |
||
| 999 |
_c21331 _d21330 |
||